000 01791nam a22003854a 4500
001 ebr10167787
003 CaPaEBR
006 m u
007 cr cn|||||||||
008 050926s2006 njua sb 001 0 eng
010 _z 2005028096
020 _z9780813538334 (hbk. : alk. paper)
020 _z9780813538341 (pbk. : alk. paper)
040 _aCaPaEBR
_cCaPaEBR
035 _a(OCoLC)122384249
043 _an-us---
050 1 4 _aHV9104
_b.S3224 2006eb
082 0 4 _a364.36082/0973
_222
100 1 _aSchaffner, Laurie.
245 1 0 _aGirls in trouble with the law
_h[electronic resource] /
_cLaurie Schaffner.
260 _aNew Brunswick, N.J. :
_bRutgers University Press,
_cc2006.
300 _a257 p. :
_bill.
490 1 _aThe Rutgers series in childhood studies
504 _aIncludes bibliographical references (p. 217-242) and index.
505 0 _aIntroduction: Girls trouble the law -- New troubles for girls -- Injury, gender, and trouble -- Empty families, sexuality, and trouble -- Gender, violence, and trouble -- Children, gender, and corrections -- Pathways, politics, policies, and programs.
533 _aElectronic reproduction.
_bPalo Alto, Calif. :
_cebrary,
_d2013.
_nAvailable via World Wide Web.
_nAccess may be limited to ebrary affiliated libraries.
650 0 _aFemale juvenile delinquents
_zUnited States.
650 0 _aJuvenile delinquency
_zUnited States.
650 0 _aTeenagers with social disabilities
_zUnited States.
650 0 _aJuvenile corrections
_zUnited States.
655 7 _aElectronic books.
_2local
710 2 _aebrary, Inc.
830 0 _aRutgers series in childhood studies.
856 4 0 _uhttp://site.ebrary.com/lib/rucke/Doc?id=10167787
_zAn electronic book accessible through the World Wide Web; click to view
999 _c247049
_d247049